La formación musical del oído
Gardado en:
| Autor Principal: | |
|---|---|
| Formato: | Libro |
| Idioma: | Lingua castelá |
| Publicado: |
Barcelona
Labor
1988
|
| Subjects: | |
| Tags: |
Engadir etiqueta
Sen Etiquetas, Sexa o primeiro en etiquetar este rexistro!
|
MARC
| LEADER | 00000nam a2200000 a 4500 | ||
|---|---|---|---|
| 001 | UCN3497 | ||
| 003 | CL-VaPUC | ||
| 008 | 010629e19880000SP |||||||||||||||||spa|d | ||
| 082 | 0 | 4 | |a 781.424 |b KUH |2 21 |
| 100 | 0 | |a Kühn, Clemens |e author |9 460039 | |
| 245 | 1 | 3 | |a La formación musical del oído |
| 300 | |a 127 p | ||
| 942 | |c BK | ||
| 945 | |d 20010629 00:00:00 |a cmena | ||
| 260 | |a Barcelona |b Labor |c 1988 | ||
| 650 | 0 | |a Educación musical |9 310072 | |
| 650 | 7 | |a EJERCICIOS MUSICALES |2 CL-VaPUC |9 459948 | |
| 650 | 7 | |a OIDO MUSICAL |2 CL-VaPUC |9 460040 | |
| 583 | |a last modification |c 20010629 00:00:00 |k Rodrigo Vera | ||
| 999 | |c 296354 |d 296352 | ||
| 952 | |0 0 |1 0 |4 0 |6 781_424000000000000_KUH_1988 |7 0 |8 A |9 350077 |a BIBEDU |b BIBEDU |d 2019-11-20 |i 3733998 |o 781.424 KUH 1988 |p 3733998 |r 2023-01-12 |w 2019-11-20 |y BK |k MUS | ||